| 000 | 00916nam a22002177a 4500 | ||
|---|---|---|---|
| 008 | 230622s2021 xxk|||||o|||| 00| 0 eng d | ||
| 041 | _aeng | ||
| 110 | _aRoyal Institution of Chartered Surveyors | ||
| 245 |
_aRenting a property _ba clear, impartial guide _h[Electronic resource] |
||
| 260 |
_aLondon, _bRoyal Institution of Chartered Surveyors, _c2019 |
||
| 300 | _a14p. | ||
| 490 | _aRICS Consumer Guide | ||
| 520 | _aAbout finding the right property to rent, dealing with an agent, tenancy agreements and a tenant's checklist. For use in England, Wales and Northern Ireland | ||
| 651 | _aEngland | ||
| 651 | _aNorthern Ireland | ||
| 651 | _aWales | ||
| 690 |
_96252 _aLandlord and tenant |
||
| 710 | _aRoyal Institution of Chartered Surveyors | ||
| 856 |
_uhttps://www.ricsfirms.com/media/1192/rics-consumer-guide-renting-property.pdf _zAvailable on rics.org/consumerguides |
||
| 942 | _n0 | ||
| 999 |
_c121555 _d121555 |
||